| 000 | 00390nam a22001697a 4500 | ||
|---|---|---|---|
| 005 | 20160627161015.0 | ||
| 008 | 160627b xxu||||| |||| 00| 0 eng d | ||
| 020 | _a81-7224-336-7 | ||
| 041 | _aeng | ||
| 082 | _b10671 | ||
| 100 |
_aFloher, Dalmar _92987 |
||
| 245 | _aCommunication in Organizations | ||
| 260 |
_bJaico _c1996 |
||
| 300 | _a529 | ||
| 650 |
_aManagement _9241 |
||
| 942 | _cBK | ||
| 999 |
_c4321 _d4320 |
||